[Event "Le Blanc et Noir de St-Jean"]
[Site "St-Jean CAN"]
[Date "2020.01.17"]
[Round "1.3"]
[White "Morin, Louis"]
[Black "Ouellet, Maili-Jade"]
[Result "0-1"]
[WhiteElo "1906"]
[BlackElo "2360"]
[PlyCount "40"]
[EventDate "2020.01.17"]
[EventType "swiss"]
[EventRounds "5"]
[EventCountry "CAN"]

1. e4 c5 2. a3 g6 3. b4 Bg7 4. Nc3 b6 5. Bb2 Bb7 6. Bc4 e6 7. Qe2 Ne7 8. O-O-O
Nbc6 9. Nb5 Bxb2+ 10. Kxb2 d6 11. d4 a6 12. dxc5 axb5 13. Rxd6 Qb8 14. Bxb5
bxc5 15. Qd2 cxb4 16. axb4 Qa7 17. Kc3 Qa3+ 18. Kc4 O-O 19. Qc3 Ne5+ 20. Qxe5
Rfc8+ 0-1

[Event "Le Blanc et Noir de St-Jean"]
[Site "St-Jean CAN"]
[Date "2020.01.17"]
[Round "1.5"]
[White "Letarte-Lavoie, Francis"]
[Black "Saha, Ananda"]
[Result "0-1"]
[WhiteElo "1839"]
[BlackElo "2246"]
[PlyCount "238"]
[EventDate "2020.01.17"]
[EventType "swiss"]
[EventRounds "5"]
[EventCountry "CAN"]

1. e4 e6 2. d4 d5 3. Nc3 Nf6 4. Bg5 dxe4 5. Nxe4 Be7 6. Bxf6 gxf6 7. Nf3 b6 8.
Bb5+ c6 9. Bd3 Bb7 10. Qe2 Qc7 11. O-O-O Nd7 12. Kb1 O-O-O 13. Ba6 b5 14. Bxb7+
Kxb7 15. c4 bxc4 16. Qxc4 Nb6 17. Qb3 Ka8 18. Rc1 Rb8 19. Qc2 Rhc8 20. Ka1 Nd5
21. Nc5 Bxc5 22. dxc5 Rb7 23. Nd2 Rcb8 24. Nc4 f5 25. Qa4 Rb4 26. Qa3 R4b5 27.
Rhd1 Qf4 28. Qa6 Nb4 29. Qa4 Nd5 30. Nb6+ Kb7 31. Qxf4 Nxf4 32. Rd7+ Ka6 33.
Nc4 R5b7 34. Rxb7 Kxb7 35. g3 Nd3 36. Nd6+ Kc7 37. Rc3 Nxc5 38. Nxf7 Ne4 39.
Rc2 Rb5 40. f3 Rd5 41. a3 Nf6 42. Re2 Kd7 43. Ne5+ Kd6 44. Nc4+ Ke7 45. Ne5
Rd1+ 46. Ka2 c5 47. Nc6+ Kd6 48. Nxa7 e5 49. Nb5+ Ke6 50. Nc3 Rf1 51. f4 e4 52.
a4 Nd5 53. g4 Nxc3+ 54. bxc3 Rxf4 55. gxf5+ Kxf5 56. Kb3 Kg4 57. Re3 Kf5 58. a5
Rf1 59. Re2 Ra1 60. Ra2 c4+ 61. Kb2 Rxa2+ 62. Kxa2 e3 63. a6 e2 64. a7 e1=Q 65.
a8=Q Qd2+ 66. Kb1 Qd1+ 67. Kb2 Qb3+ 68. Kc1 Qxc3+ 69. Kd1 Qd4+ 70. Kc1 Qg1+ 71.
Kc2 Qxh2+ 72. Kc3 Qe5+ 73. Kb4 Qe1+ 74. Kc5 Qe4 75. Qf8+ Kg4 76. Qg8+ Kf4 77.
Kb4 h5 78. Qf7+ Kg4 79. Qg7+ Kh3 80. Qg1 h4 81. Qf1+ Kg3 82. Qg1+ Kf4 83. Qf2+
Kg5 84. Qd2+ Qf4 85. Qd8+ Kg4 86. Qd1+ Qf3 87. Qd7+ Kg3 88. Qg7+ Kf2 89. Qd4+
Kg3 90. Qg7+ Qg4 91. Qc3+ Kh2 92. Qe5+ Qg3 93. Qe2+ Kg1 94. Qd1+ Kf2 95. Qd2+
Kf1 96. Kxc4 Qc7+ 97. Kb5 Qe5+ 98. Kb6 Qe1 99. Qd3+ Kg2 100. Qd5+ Kh2 101. Qa2+
Kg1 102. Qb3 Qf2+ 103. Kc6 Qg2+ 104. Kd7 Qg4+ 105. Ke7 h3 106. Qe3+ Kf1 107.
Qc1+ Kf2 108. Qc5+ Kg2 109. Qc2+ Kh1 110. Qc6+ Qg2 111. Qc1+ Kh2 112. Qf4+ Qg3
113. Qd2+ Kg1 114. Qd1+ Kf2 115. Qd2+ Kf1 116. Qd5 h2 117. Qc4+ Kg2 118. Qe4+
Qf3 119. Qg6+ Kf2 0-1

[Event "Le Blanc et Noir de St-Jean"]
[Site "St-Jean CAN"]
[Date "2020.01.17"]
[Round "1.6"]
[White "Pomerantz, Daniel"]
[Black "Kagle, Sasha"]
[Result "1-0"]
[WhiteElo "2200"]
[BlackElo "1750"]
[PlyCount "75"]
[EventDate "2020.01.17"]
[EventType "swiss"]
[EventRounds "5"]
[EventCountry "CAN"]

1. e4 e6 2. d4 d5 3. Nd2 Nf6 4. e5 Nfd7 5. Bd3 c5 6. c3 Nc6 7. Ne2 cxd4 8. cxd4
f6 9. exf6 Nxf6 10. O-O Bd6 11. Nf3 Qc7 12. Bg5 O-O 13. Bh4 Nh5 14. Qc2 h6 15.
Bh7+ Kh8 16. Bg6 Nf6 17. Bg3 Bd7 18. Rac1 Rac8 19. Qb3 Bxg3 20. hxg3 Qd6 21.
Nf4 b6 22. Qe3 Ng4 23. Qd2 Ne7 24. Bb1 Rxc1 25. Rxc1 Rc8 26. Rxc8+ Bxc8 27. Qc2
Nf6 28. Ng6+ Nxg6 29. Qxc8+ Nf8 30. Ne5 Kg8 31. Bg6 Qe7 32. Bf7+ Kh7 33. Qc2+
Kh8 34. Qc8 Kh7 35. a3 Qd6 36. Qb7 a5 37. Qc8 N6d7 38. Nxd7 1-0

[Event "Le Blanc et Noir de St-Jean"]
[Site "St-Jean CAN"]
[Date "2020.01.17"]
[Round "1.7"]
[White "St-Onge, Pierre"]
[Black "Nunez-Painchaud, Raphael"]
[Result "0-1"]
[WhiteElo "1658"]
[BlackElo "2176"]
[PlyCount "68"]
[EventDate "2020.01.17"]
[EventType "swiss"]
[EventRounds "5"]
[EventCountry "CAN"]

1. e4 c5 2. f4 Nc6 3. Nf3 e6 4. c3 d5 5. e5 d4 6. Bd3 Nge7 7. Na3 a6 8. O-O b5
9. Be4 Ra7 10. d3 Bb7 11. Qe2 g6 12. Nc2 dxc3 13. bxc3 Nd5 14. Bd2 Be7 15. a3
Nb6 16. Rab1 c4 17. d4 Na5 18. Bxb7 Rxb7 19. Nb4 Ra7 20. Qe4 Qa8 21. Qc2 Nb3
22. Qd1 h5 23. g3 Rd7 24. Nc2 Qe4 25. Re1 Qd3 26. Re3 Qf5 27. Nb4 h4 28. Be1
hxg3 29. Bxg3 Bxb4 30. axb4 Nd5 31. Rd3 Nxf4 32. Re3 Nd5 33. Rd3 cxd3 34. Rxb3
Ne3 0-1

[Event "Le Blanc et Noir de St-Jean"]
[Site "St-Jean CAN"]
[Date "2020.01.17"]
[Round "1.8"]
[White "Turcotte, Jonathan"]
[Black "Lynch, Jonathan"]
[Result "0-1"]
[WhiteElo "2064"]
[BlackElo "1656"]
[PlyCount "63"]
[EventDate "2020.01.17"]
[EventType "swiss"]
[EventRounds "5"]
[EventCountry "CAN"]

1. d4 d6 2. Nf3 Nf6 3. c4 Nbd7 4. Nc3 e5 5. e4 c6 6. Be2 Be7 7. O-O h6 8. h3
Qc7 9. Be3 Nf8 10. d5 g5 11. Nd2 Ng6 12. Re1 Nf4 13. Bf1 Rg8 14. Kh2 g4 15. h4
N6h5 16. g3 Bxh4 17. gxh4 Qe7 18. Bxf4 Qxh4+ 19. Kg1 Nxf4 20. Re3 g3 21. fxg3
Rxg3+ 22. Rxg3 Qxg3+ 23. Kh1 Bg4 24. Qe1 Bf3+ 25. Nxf3 Qxf3+ 26. Kh2 Qh5+ 27.
Kg1 Qg4+ 28. Kf2 O-O-O 29. Qe3 Rg8 30. Ke1 Qh4+ 31. Qf2 Rg3 32. Ne2 0-1

[Event "Le Blanc et Noir de St-Jean"]
[Site "St-Jean CAN"]
[Date "2020.01.18"]
[Round "2.10"]
[White "Kagle, Sasha"]
[Black "Morin, Louis"]
[Result "1-0"]
[WhiteElo "1750"]
[BlackElo "1906"]
[PlyCount "81"]
[EventDate "2020.01.17"]
[EventType "swiss"]
[EventRounds "5"]
[EventCountry "CAN"]

1. e4 e5 2. Nf3 d6 3. d4 Nf6 4. Nc3 Nbd7 5. g3 Be7 6. Bg2 O-O 7. O-O c6 8. h3
Re8 9. Re1 Bf8 10. Be3 Qc7 11. d5 cxd5 12. exd5 b6 13. a4 a6 14. Qe2 Bb7 15.
Nd2 Rac8 16. Rec1 Qb8 17. g4 Qa8 18. Nc4 Rxc4 19. Qxc4 Rc8 20. Qb3 Rxc3 21.
Qxc3 Nxd5 22. Bxd5 Bxd5 23. Kh2 Bf3 24. Rg1 d5 25. Bd4 e4 26. Rg3 Bd6 27. Bxg7
Qe8 28. Re1 Bxg3+ 29. fxg3 Nc5 30. a5 Ne6 31. axb6 Qb5 32. Qc8+ Kxg7 33. b7 Qb6
34. Rf1 Qb5 35. Rf2 Qb6 36. Rg2 Bxg2 37. b8=Q Qf2 38. Qh8+ Kh6 39. g5+ Nxg5 40.
Qd6+ Kh5 41. g4+ 1-0

[Event "Le Blanc et Noir de St-Jean"]
[Site "St-Jean CAN"]
[Date "2020.01.18"]
[Round "2.3"]
[White "Ouellet, Maili-Jade"]
[Black "Pomerantz, Daniel"]
[Result "1-0"]
[WhiteElo "2360"]
[BlackElo "2200"]
[PlyCount "51"]
[EventDate "2020.01.17"]
[EventType "swiss"]
[EventRounds "5"]
[EventCountry "CAN"]

1. d4 Nf6 2. c4 e6 3. Nc3 Bb4 4. e3 O-O 5. Bd3 c5 6. Nge2 cxd4 7. exd4 d5 8.
O-O Nc6 9. Bg5 Be7 10. a3 dxc4 11. Bxc4 Nd5 12. Bxe7 Ncxe7 13. Qd3 Bd7 14. Rac1
Bc6 15. Rfd1 Qd7 16. Ne4 Rac8 17. Ng5 Nf6 18. Nf4 Ned5 19. Bxd5 exd5 20. Nh5
Ne4 21. Nxe4 dxe4 22. Qg3 f5 23. d5 Rcd8 24. Re1 Bxd5 25. Rc7 f4 26. Qc3 1-0

[Event "Le Blanc et Noir de St-Jean"]
[Site "St-Jean CAN"]
[Date "2020.01.18"]
[Round "2.6"]
[White "Craciun, David"]
[Black "Chabot, Roland"]
[Result "0-1"]
[WhiteElo "1917"]
[BlackElo "2172"]
[PlyCount "72"]
[EventDate "2020.01.17"]
[EventType "swiss"]
[EventRounds "5"]
[EventCountry "CAN"]

1. d4 d6 2. Nf3 Nf6 3. Bf4 h6 4. h3 c6 5. Nc3 Qb6 6. b3 Bf5 7. e3 Nbd7 8. Bd3
Bxd3 9. Qxd3 Rd8 10. O-O g5 11. Bh2 g4 12. hxg4 Rg8 13. Rad1 Nxg4 14. Bg3 Qa5
15. Ne2 e6 16. c4 Be7 17. Rfe1 a6 18. b4 Qc7 19. c5 Nf8 20. a4 Qc8 21. Qc3 d5
22. Nf4 f5 23. Rb1 Nf6 24. Nd2 Ne4 25. Nxe4 fxe4 26. b5 axb5 27. axb5 Bg5 28.
Rb2 Bxf4 29. Bxf4 e5 30. Bg3 Qg4 31. bxc6 bxc6 32. dxe5 Ne6 33. Rb6 Ng5 34. e6
Qxe6 35. Qe5 Qxe5 36. Bxe5 Nf3+ 0-1

[Event "Le Blanc et Noir de St-Jean"]
[Site "St-Jean CAN"]
[Date "2020.01.18"]
[Round "2.7"]
[White "Hernandez, Juan Felipe"]
[Black "Turcotte, Jonathan"]
[Result "1/2-1/2"]
[WhiteElo "1849"]
[BlackElo "2064"]
[PlyCount "46"]
[EventDate "2020.01.17"]
[EventType "swiss"]
[EventRounds "5"]
[EventCountry "CAN"]

1. e4 c6 2. d4 d5 3. Nc3 dxe4 4. Nxe4 Bf5 5. Ng3 Bg6 6. h4 h6 7. Nf3 Nd7 8. h5
Bh7 9. Bd3 Bxd3 10. Qxd3 e6 11. Bd2 Ngf6 12. O-O-O Be7 13. Kb1 O-O 14. Ne4 Nxe4
15. Qxe4 Nf6 16. Qe2 Qd5 17. Ne5 Qe4 18. Qxe4 Nxe4 19. Be1 Rfd8 20. f3 Nf6 21.
c4 Nd7 22. Bf2 Nxe5 23. dxe5 b6 1/2-1/2

[Event "Le Blanc et Noir de St-Jean"]
[Site "St-Jean CAN"]
[Date "2020.01.18"]
[Round "2.8"]
[White "Kozlov, Guennadi"]
[Black "Beaudry, Marc-Andre"]
[Result "0-1"]
[WhiteElo "1902"]
[BlackElo "2057"]
[PlyCount "84"]
[EventDate "2020.01.17"]
[EventType "swiss"]
[EventRounds "5"]
[EventCountry "CAN"]

1. e4 c5 2. Nf3 e6 3. d4 cxd4 4. c3 dxc3 5. Nxc3 Nc6 6. Bc4 a6 7. O-O Nge7 8.
Qe2 b5 9. Bb3 Ng6 10. Rd1 d6 11. Be3 Be7 12. a3 O-O 13. Rac1 Bb7 14. g3 Rc8 15.
h4 Na5 16. Ba2 Nc4 17. h5 Nge5 18. Nxe5 Nxe5 19. f4 Nc4 20. Bd4 d5 21. Qg4 Bf6
22. e5 Be7 23. f5 exf5 24. Qxf5 Rc6 25. Bb1 g6 26. Qf3 Re6 27. hxg6 hxg6 28.
Rc2 Nxe5 29. Qh1 Bf6 30. Bc5 Rfe8 31. Ba2 Nc4 32. Qf3 Qc7 33. Bd4 Bxd4+ 34.
Rxd4 Re3 35. Qf4 Rxg3+ 36. Kf2 Qxf4+ 37. Rxf4 Rh3 38. Kg2 Rh5 39. Kg3 Rg5+ 40.
Kh4 Rg1 41. Rd4 Kg7 42. Rf2 Rh8# 0-1

[Event "Le Blanc et Noir de St-Jean"]
[Site "St-Jean CAN"]
[Date "2020.01.18"]
[Round "2.9"]
[White "Couture, Jonathan"]
[Black "Letarte-Lavoie, Francis"]
[Result "0-1"]
[WhiteElo "1931"]
[BlackElo "1839"]
[PlyCount "62"]
[EventDate "2020.01.17"]
[EventType "swiss"]
[EventRounds "5"]
[EventCountry "CAN"]

1. e4 e6 2. b3 d5 3. Bb2 Nf6 4. e5 Nfd7 5. f4 c5 6. Nf3 Nc6 7. g3 Be7 8. Bg2
O-O 9. O-O a5 10. a4 b6 11. Na3 Ba6 12. c4 Nb4 13. Qe2 Qc7 14. Nb5 Bxb5 15.
axb5 Ra7 16. Ra4 Rd8 17. f5 d4 18. d3 Nf8 19. f6 gxf6 20. exf6 Bxf6 21. Nd2 Bg7
22. Ne4 f5 23. Ng5 Qe5 24. Qxe5 Bxe5 25. Rd1 Bf6 26. Nh3 Ng6 27. Ba3 Nc2 28.
Bc1 Ne3 29. Bxe3 dxe3 30. Ra2 Rad7 31. Bf1 e5 0-1

[Event "Le Blanc et Noir de St-Jean"]
[Site "St-Jean CAN"]
[Date "2020.01.18"]
[Round "3.10"]
[White "Turcotte, Jonathan"]
[Black "Couture, Jonathan"]
[Result "1-0"]
[WhiteElo "2064"]
[BlackElo "1931"]
[PlyCount "79"]
[EventDate "2020.01.17"]
[EventType "swiss"]
[EventRounds "5"]
[EventCountry "CAN"]

1. d4 g6 2. c4 Bg7 3. e4 d6 4. Be2 Nf6 5. Nc3 O-O 6. Nf3 e5 7. O-O Na6 8. Be3
Ng4 9. Bg5 Qe8 10. h3 exd4 11. Nxd4 Qe5 12. Nf3 Nxf2 13. Kxf2 Qa5 14. Be3 Nc5
15. Bd4 Bxd4+ 16. Qxd4 f5 17. exf5 Bxf5 18. g4 Be6 19. Kg2 c6 20. Nd2 Qc7 21.
Nde4 Nd7 22. Qxd6 Qxd6 23. Nxd6 Ne5 24. b3 b6 25. Rxf8+ Kxf8 26. Rd1 Ke7 27.
Nde4 Nf7 28. Bf3 Rd8 29. Rxd8 Nxd8 30. Kg3 h6 31. h4 Bd7 32. Ne2 Ne6 33. g5
hxg5 34. hxg5 c5 35. Bg4 Ng7 36. Bxd7 Kxd7 37. Nf4 Nf5+ 38. Kg4 Ne7 39. Nf6+
Kd6 40. N6d5 1-0

[Event "Le Blanc et Noir de St-Jean"]
[Site "St-Jean CAN"]
[Date "2020.01.18"]
[Round "3.11"]
[White "Morin, Louis"]
[Black "Kozlov, Guennadi"]
[Result "1-0"]
[WhiteElo "1906"]
[BlackElo "1902"]
[PlyCount "45"]
[EventDate "2020.01.17"]
[EventType "swiss"]
[EventRounds "5"]
[EventCountry "CAN"]

1. e4 e6 2. d4 d5 3. e5 c5 4. Qg4 Nc6 5. Nf3 cxd4 6. Bd3 Qc7 7. Qg3 Nb4 8. Na3
Nxd3+ 9. cxd3 Ne7 10. Nxd4 a6 11. O-O Nc6 12. Nf3 b5 13. Be3 Bb7 14. Rfc1 Qd7
15. Nc2 Ne7 16. Ncd4 Rc8 17. Rxc8+ Bxc8 18. Rc1 g6 19. Bg5 Nf5 20. Nxf5 exf5
21. e6 fxe6 22. Rc7 Bd6 23. Rxc8+ 1-0

[Event "Le Blanc et Noir de St-Jean"]
[Site "St-Jean CAN"]
[Date "2020.01.18"]
[Round "3.4"]
[White "Saha, Ananda"]
[Black "Nunez-Painchaud, Raphael"]
[Result "1/2-1/2"]
[WhiteElo "2246"]
[BlackElo "2176"]
[PlyCount "34"]
[EventDate "2020.01.17"]
[EventType "swiss"]
[EventRounds "5"]
[EventCountry "CAN"]

1. d4 Nf6 2. Nf3 e6 3. e3 d5 4. Bd3 Bd6 5. b3 b6 6. O-O Bb7 7. Bb2 Nbd7 8. Nbd2
O-O 9. c4 Ne4 10. Ne5 Bxe5 11. dxe5 Ndc5 12. Nxe4 dxe4 13. Be2 Qg5 14. Qc2 Rfd8
15. Rad1 Nd3 16. f4 Qg6 17. Rd2 Rd7 1/2-1/2

[Event "Le Blanc et Noir de St-Jean"]
[Site "St-Jean CAN"]
[Date "2020.01.18"]
[Round "3.5"]
[White "Pomerantz, Daniel"]
[Black "St-Onge, Pierre"]
[Result "1-0"]
[WhiteElo "2200"]
[BlackElo "1658"]
[PlyCount "105"]
[EventDate "2020.01.17"]
[EventType "swiss"]
[EventRounds "5"]
[EventCountry "CAN"]

1. e4 e5 2. Nf3 Nc6 3. Bb5 g5 4. d4 g4 5. Nxe5 Nxe5 6. dxe5 c6 7. Be2 h5 8. Nc3
Qa5 9. Bf4 Ne7 10. h3 Ng6 11. Bd2 gxh3 12. Nd5 hxg2 13. Rg1 Qxd2+ 14. Qxd2 cxd5
15. Rxg2 Bh6 16. Qd4 Nf4 17. Rg1 Ne6 18. Qxd5 h4 19. Bg4 Nf4 20. Qd4 Ne6 21.
Bxe6 fxe6 22. Ke2 b6 23. Rg4 Ba6+ 24. c4 O-O-O 25. Rxh4 Be3 26. Kxe3 Rxh4 27.
Rc1 Rh3+ 28. Kd2 Rf8 29. Rf1 Rff3 30. Rg1 Rh8 31. Rg7 Rd8 32. Ke2 Rh3 33. f3
Bb7 34. c5 Bc6 35. cxb6 axb6 36. Qxb6 Rf8 37. Qa6+ Bb7 38. Qd3 Bc6 39. Rg2 Kb7
40. b4 Kb6 41. a4 Rf7 42. b5 Bb7 43. Qd4+ Ka5 44. Qa7+ Kb4 45. Qxb7 Rfxf3 46.
Qxd7 Re3+ 47. Kd2 Rb3 48. Qd4+ Ka3 49. Kc2 Rhf3 50. Rg1 Rf2+ 51. Qxf2 Rb2+ 52.
Kc3 Rxf2 53. Ra1+ 1-0

[Event "Le Blanc et Noir de St-Jean"]
[Site "St-Jean CAN"]
[Date "2020.01.18"]
[Round "3.6"]
[White "Zhong, Kevin"]
[Black "Kagle, Sasha"]
[Result "1/2-1/2"]
[WhiteElo "2169"]
[BlackElo "1750"]
[PlyCount "69"]
[EventDate "2020.01.17"]
[EventType "swiss"]
[EventRounds "5"]
[EventCountry "CAN"]

1. e4 c5 2. Nf3 e6 3. d4 cxd4 4. Nxd4 Nc6 5. Nc3 Qc7 6. Be3 a6 7. Qf3 Nf6 8.
O-O-O Be7 9. Be2 d6 10. g4 Nxd4 11. Rxd4 e5 12. Rc4 Qa5 13. Ra4 Qc7 14. g5 Nd7
15. Nd5 Qd8 16. h4 b6 17. Rc4 O-O 18. Qg3 Nc5 19. Bxc5 bxc5 20. h5 Bxg5+ 21.
Kb1 Be6 22. Rg1 Bxd5 23. exd5 h6 24. Bd3 Qf6 25. Qg4 Bf4 26. Qf3 Qe7 27. Qh3
Qf6 28. Qg2 Rfb8 29. Qe4 Bg5 30. Rg3 Kf8 31. b3 a5 32. a4 Rb4 33. Rxb4 axb4 34.
Qf5 Qxf5 35. Bxf5 1/2-1/2

[Event "Le Blanc et Noir de St-Jean"]
[Site "St-Jean CAN"]
[Date "2020.01.18"]
[Round "3.7"]
[White "Beaudry, Marc-Andre"]
[Black "Lynch, Jonathan"]
[Result "1-0"]
[WhiteElo "2057"]
[BlackElo "1656"]
[PlyCount "91"]
[EventDate "2020.01.17"]
[EventType "swiss"]
[EventRounds "5"]
[EventCountry "CAN"]

1. e4 d6 2. d4 Nf6 3. f3 Nbd7 4. c4 e5 5. d5 Nxe4 6. fxe4 Qh4+ 7. Kd2 Qxe4 8.
Nf3 Qg6 9. Nc3 Be7 10. Qe2 f5 11. Kc2 c5 12. a3 e4 13. Ng1 a6 14. a4 Ne5 15.
Nh3 Nd3 16. Nf4 Nb4+ 17. Kb1 Qf7 18. Na2 a5 19. Nxb4 axb4 20. h4 Bd7 21. b3 Bf6
22. Ra2 g6 23. g3 O-O-O 24. Bb2 Rhe8 25. Bh3 Bd4 26. Rf1 Qg7 27. Qd1 e3 28. Ne2
Bxb2 29. Rxb2 g5 30. hxg5 Qxg5 31. Ka2 Re5 32. Qe1 Kc7 33. Nf4 Rde8 34. Re2 Ra8
35. Rf3 Bxa4 36. bxa4 Rxa4+ 37. Kb1 Re4 38. Ne6+ Rxe6 39. dxe6 Qf6 40. Rb2 Qxe6
41. Rxe3 Qxc4 42. Bf1 Qd4 43. Qe2 b5 44. Re7+ Kc6 45. Qxb5+ Kd5 46. Bg2+ 1-0

[Event "Le Blanc et Noir de St-Jean"]
[Site "St-Jean CAN"]
[Date "2020.01.18"]
[Round "3.8"]
[White "Letarte-Lavoie, Francis"]
[Black "Hernandez, Juan Felipe"]
[Result "1/2-1/2"]
[WhiteElo "1839"]
[BlackElo "1849"]
[PlyCount "202"]
[EventDate "2020.01.17"]
[EventType "swiss"]
[EventRounds "5"]
[EventCountry "CAN"]

1. e4 c5 2. Nf3 Nc6 3. Bb5 e6 4. O-O Nge7 5. c3 a6 6. Bxc6 Nxc6 7. d4 cxd4 8.
cxd4 d5 9. exd5 exd5 10. Re1+ Be7 11. h3 O-O 12. Nc3 Bf5 13. a3 Bf6 14. Ne5 Re8
15. Nxc6 bxc6 16. Rxe8+ Qxe8 17. Be3 Qb8 18. b4 a5 19. b5 cxb5 20. Nxd5 Bd8 21.
Bf4 Qb7 22. Qf3 Kh8 23. Qe2 Qd7 24. Re1 Be6 25. Ne3 f6 26. d5 Bf7 27. Rb1 Bb6
28. Qxb5 Qxb5 29. Rxb5 Bd4 30. Nf5 Bc3 31. Nd6 Bg6 32. Nb7 Be8 33. Rc5 Bd4 34.
Rxa5 Rxa5 35. Nxa5 Bc5 36. Bc1 Kg8 37. Nb7 Bf8 38. d6 Bc6 39. Nd8 Bd7 40. Bf4
g5 41. Bg3 f5 42. Be5 g4 43. hxg4 fxg4 44. Nb7 Bc6 45. Nc5 Kf7 46. d7 Bxd7 47.
Nxd7 Bxa3 48. Bf4 Kg6 49. Be3 Kf5 50. Nc5 h5 51. g3 Bb2 52. Nd3 Bf6 53. Nf4 h4
54. gxh4 Bxh4 55. Ng2 Bd8 56. Ne1 Bc7 57. Kg2 Ke4 58. Ba7 Bd6 59. Nc2 Bf4 60.
Ne3 g3 61. fxg3 Bxg3 62. Kxg3 Ke5 63. Kf3 Ke6 64. Ke4 Kd6 65. Nc4+ Ke6 66. Bd4
Ke7 67. Ke5 Kd7 68. Kd5 Kc7 69. Bc5 Kd7 70. Bd6 Kd8 71. Kc6 Kc8 72. Be7 Kb8 73.
Nb6 Ka7 74. Bd6 Ka6 75. Nd5 Ka7 76. Nc7 Kb8 77. Nb5+ Ka8 78. Bc5 Kb8 79. Be7
Ka8 80. Bd8 Kb8 81. Bc7+ Ka8 82. Ba5 Kb8 83. Bb4 Ka8 84. Kb6 Kb8 85. Nc7 Kc8
86. Kc6 Kb8 87. Bc5 Kc8 88. Ba7 Kd8 89. Kd6 Kc8 90. Kc6 Kd8 91. Bc5 Kc8 92. Na6
Kd8 93. Kd6 Kc8 94. Nb4 Kb7 95. Kd7 Ka8 96. Kc6 Kb8 97. Na6+ Ka8 98. Bd6 Ka7
99. Nc5 Ka8 100. Bc7 Ka7 101. Bg3 Ka8 1/2-1/2

[Event "Le Blanc et Noir de St-Jean"]
[Site "St-Jean CAN"]
[Date "2020.01.18"]
[Round "3.9"]
[White "Richard, Leo"]
[Black "Craciun, David"]
[Result "1-0"]
[WhiteElo "2001"]
[BlackElo "1917"]
[PlyCount "109"]
[EventDate "2020.01.17"]
[EventType "swiss"]
[EventRounds "5"]
[EventCountry "CAN"]

1. Nf3 d5 2. g3 Nf6 3. Bg2 e6 4. O-O Be7 5. c4 O-O 6. d4 c5 7. Nc3 Nc6 8. cxd5
Nxd5 9. Nxd5 exd5 10. Be3 c4 11. Ne5 Be6 12. Nxc4 dxc4 13. d5 Bf6 14. dxe6 Bxb2
15. exf7+ Kh8 16. Qxd8 Raxd8 17. Rab1 c3 18. Bc1 Bxc1 19. Rfxc1 Nd4 20. Kf1
Rxf7 21. Rxc3 Rdf8 22. f4 b6 23. e3 Ne6 24. Bd5 Re7 25. Bxe6 Rxe6 26. Rbc1 Rfe8
27. Rc7 a5 28. Rb7 Rxe3 29. Rcc7 Re2 30. h4 Re1+ 31. Kf2 R1e2+ 32. Kf3 h5 33.
f5 R2e3+ 34. Kf4 R8e4+ 35. Kg5 Rxg3+ 36. Kxh5 Rgg4 37. f6 Rxh4+ 38. Kg6 Rhg4+
39. Kf7 Ref4 40. Rxb6 Rxf6+ 41. Rxf6 gxf6 42. Rc5 Rg5 43. Rc4 Rg7+ 44. Kxf6 Ra7
45. a4 Kg8 46. Rc8+ Kh7 47. Rc5 Kg8 48. Ke6 Kf8 49. Kd6 Ke8 50. Kc6 Kd8 51. Kb6
Rh7 52. Rxa5 Rh6+ 53. Kb7 Rh7+ 54. Kb8 Rh6 55. Rd5+ 1-0

[Event "Le Blanc et Noir de St-Jean"]
[Site "St-Jean CAN"]
[Date "2020.01.19"]
[Round "4.10"]
[White "Couture, Jonathan"]
[Black "Kozlov, Guennadi"]
[Result "0-1"]
[WhiteElo "1931"]
[BlackElo "1902"]
[PlyCount "58"]
[EventDate "2020.01.17"]
[EventType "swiss"]
[EventRounds "5"]
[EventCountry "CAN"]

1. e4 e6 2. b3 Nf6 3. e5 Ng8 4. Bb2 b6 5. Nf3 Bb7 6. Be2 Nh6 7. O-O Be7 8. c4
O-O 9. d4 d5 10. Nc3 c5 11. cxd5 exd5 12. Qd2 Nd7 13. Rad1 cxd4 14. Qxd4 Bc5
15. Qf4 f6 16. e6 Ne5 17. Nb5 Qe7 18. Nxe5 fxe5 19. Qxe5 Rf5 20. Qc7 Qxc7 21.
Nxc7 Rc8 22. g4 Nxg4 23. e7 Bxe7 24. Bd3 Rf7 25. Ne6 Bd6 26. Bxh7+ Kxh7 27.
Ng5+ Kg8 28. Nxf7 Kxf7 29. Rc1 Rh8 0-1

[Event "Le Blanc et Noir de St-Jean"]
[Site "St-Jean CAN"]
[Date "2020.01.19"]
[Round "4.2"]
[White "Ouellet, Maili-Jade"]
[Black "Beaudry, Marc-Andre"]
[Result "1-0"]
[WhiteElo "2360"]
[BlackElo "2057"]
[PlyCount "59"]
[EventDate "2020.01.17"]
[EventType "swiss"]
[EventRounds "5"]
[EventCountry "CAN"]

1. d4 Nf6 2. c4 g6 3. Nc3 d5 4. cxd5 Nxd5 5. e4 Nxc3 6. bxc3 Bg7 7. Nf3 c5 8.
Rb1 O-O 9. Be2 cxd4 10. cxd4 Qa5+ 11. Bd2 Qxa2 12. O-O Bg4 13. d5 Nd7 14. Bg5
b6 15. Bxe7 Rfe8 16. d6 Qa3 17. Bb5 Rxe7 18. dxe7 Qxe7 19. h3 Bxf3 20. Qxf3 Nc5
21. Rfe1 Ne6 22. Bc4 Bd4 23. Rbd1 Bc5 24. e5 Rc8 25. Ba6 Rc7 26. Rd5 Kg7 27.
Red1 Qg5 28. Rd7 Rxd7 29. Rxd7 Qc1+ 30. Kh2 1-0

[Event "Le Blanc et Noir de St-Jean"]
[Site "St-Jean CAN"]
[Date "2020.01.19"]
[Round "4.4"]
[White "Chabot, Roland"]
[Black "Pomerantz, Daniel"]
[Result "0-1"]
[WhiteElo "2172"]
[BlackElo "2200"]
[PlyCount "68"]
[EventDate "2020.01.17"]
[EventType "swiss"]
[EventRounds "5"]
[EventCountry "CAN"]

1. d4 Nf6 2. Bg5 e6 3. e4 h6 4. Bxf6 Qxf6 5. c3 d6 6. Bc4 Qg6 7. Qf3 e5 8. Ne2
Be7 9. O-O O-O 10. Nd2 Nc6 11. a3 Kh8 12. Qd3 f5 13. f3 Bd7 14. Bd5 f4 15. Kh1
Qh5 16. Rg1 Bg5 17. b4 Rad8 18. Bxc6 Bxc6 19. c4 Bh4 20. Rgd1 Ba4 21. Rdb1 Bd7
22. Rd1 Ba4 23. Rdb1 Bd7 24. Rd1 g5 25. dxe5 dxe5 26. Qd5 g4 27. Qa5 Bg3 28.
Nf1 gxf3 29. Nexg3 fxg2+ 30. Kxg2 fxg3 31. Rxd7 Rxd7 32. hxg3 Qf3+ 33. Kg1 Qxe4
34. Qxa7 b6 0-1

[Event "Le Blanc et Noir de St-Jean"]
[Site "St-Jean CAN"]
[Date "2020.01.19"]
[Round "4.5"]
[White "Saha, Ananda"]
[Black "Richard, Leo"]
[Result "1-0"]
[WhiteElo "2246"]
[BlackElo "2001"]
[PlyCount "63"]
[EventDate "2020.01.17"]
[EventType "swiss"]
[EventRounds "5"]
[EventCountry "CAN"]

1. Nf3 Nf6 2. g3 c5 3. Bg2 Nc6 4. O-O g6 5. d3 Bg7 6. e4 d6 7. Nbd2 O-O 8. c3
Nh5 9. Re1 e5 10. Nf1 Bd7 11. Ne3 Be8 12. Nd5 f5 13. exf5 gxf5 14. Ng5 Qd7 15.
f4 h6 16. Nf3 Bf7 17. Nh4 Kh7 18. Ne3 exf4 19. Nexf5 fxg3 20. hxg3 Nf6 21. Bf4
d5 22. Qd2 Ng8 23. Kh2 Be6 24. Nxg7 Kxg7 25. d4 cxd4 26. cxd4 Rae8 27. Bxh6+
Nxh6 28. Qg5+ Kf7 29. Rf1+ Nf5 30. Nxf5 Bxf5 31. Rxf5+ Ke6 32. Re1+ 1-0

[Event "Le Blanc et Noir de St-Jean"]
[Site "St-Jean CAN"]
[Date "2020.01.19"]
[Round "4.6"]
[White "Hernandez, Juan Felipe"]
[Black "Zhong, Kevin"]
[Result "0-1"]
[WhiteElo "1849"]
[BlackElo "2169"]
[PlyCount "118"]
[EventDate "2020.01.17"]
[EventType "swiss"]
[EventRounds "5"]
[EventCountry "CAN"]

1. e4 c5 2. Nf3 g6 3. d4 cxd4 4. Nxd4 Bg7 5. c4 Nc6 6. Be3 Nf6 7. Nc3 d6 8. Be2
O-O 9. O-O Bd7 10. Qd2 Nxd4 11. Bxd4 Bc6 12. f3 a5 13. Nd5 Nd7 14. Rfd1 Bxd4+
15. Qxd4 Bxd5 16. Qxd5 Qb6+ 17. Qd4 Nc5 18. Kf1 Qc7 19. f4 Rfd8 20. e5 dxe5 21.
Qxe5 Qxe5 22. fxe5 e6 23. Bf3 Nd3 24. b3 Nc5 25. Ke2 Kf8 26. Ke3 Ke7 27. Rxd8
Rxd8 28. Rd1 Rxd1 29. Bxd1 b6 30. a3 Kd7 31. b4 axb4 32. axb4 Na6 33. b5 Nc5
34. Kf4 Nd3+ 35. Kg5 Ke7 36. Kh6 Nxe5 37. Be2 f5 38. Kxh7 Kf6 39. Kh6 Nd7 40.
g3 Nc5 41. g4 fxg4 42. Bxg4 e5 43. Bd1 e4 44. h3 e3 45. Be2 Ne6 46. Bf1 g5 47.
Be2 Kf5 48. Bg4+ Kf4 49. Be2 Nc5 50. Kg6 Ne4 51. Bg4 Nc5 52. Be2 Ne4 53. Bg4
Ke5 54. Bf3 Kd4 55. Kf5 Nf2 56. Kxg5 Nxh3+ 57. Kg4 Ng1 58. Kg3 Nxf3 59. Kxf3
Kd3 0-1